000
00298nam a22001337a 4500
008
171228b xxu||||| |||| 00| 0 eng d
020
_a
9781426317750
041
_a
eng
080
_2
4TH
_a
91
100
_a
42
101
_a
GJEO
245
_a
STUDENT WORLD ATLAS
_c
WASHINGTON,D.C
942
_2
udc
_c
BK
999
_c
39562
_d
39562